Vanderbilt Basketball: Top 10 All-Time Leaders - Statistics

General Stats
  • This quiz has been taken 9 times
    5 since last reset
  • The average score is 24 of 92
Answer Stats
Category # Player Amount % Correct
Blocks 3 Damian Jones 167
80%
Field Goal Percent 2 Damian Jones 56.6%
80%
Blocks 2 Festus Ezeli 205
80%
Points 10 John Jenkins 1,658
80%
Three Pointers Made 2 John Jenkins 306
80%
Points Per Game 6 John Jenkins 16.9
80%
Blocks 1 Luke Kornet 210
80%
Assists 10 Scotty Pippen Jr. 383
80%
Steals 9 Scotty Pippen Jr. 144
80%
Points Per Game 5 Scotty Pippen Jr. 17.5
80%
Points 2 Jeffery Taylor 1,897
60%
Rebounds 7 Jeffery Taylor 752
60%
Steals 8 Jeffery Taylor 146
60%
Games T2 Jeffery Taylor 134
60%
Three Pointers Made 6 Matthew Fisher-Davis 269
60%
Assists 2 Brad Tinsley 482
40%
Games T2 Brad Tinsley 134
40%
Rebounds 6 Jeff Roberson 755
40%
Games T5 Jeff Roberson 132
40%
Steals 10 Jordan Wright 139
40%
Blocks 8 Liam Robbins 112
40%
Assists T6 Riley LaChance 423
40%
Three Pointers Made 7 Riley LaChance 260
40%
Games 1 Riley LaChance 135
40%
Points 1 Shan Foster 2,011
40%
Three Pointers Made 1 Shan Foster 367
40%
Games T5 Shan Foster 132
40%
Rebounds 10 Will Perdue 708
40%
Blocks 4 Will Perdue 163
40%
Field Goal Percent 1 Will Perdue 60.6%
40%
Blocks 5 A.J. Ogilvy 145
20%
Field Goal Percent 3 A.J. Ogilvy 54.9%
20%
Three Pointers Made 8 Barry Booker 246
20%
Field Goal Percent 9 Bill McCaffrey 50.2%
20%
Points Per Game 2 Bill McCaffrey 20.6
20%
Points 9 Charles Davis 1,675
20%
Rebounds 9 Charles Davis 746
20%
Field Goal Percent 5 Charles Davis 51.4%
20%
Blocks 6 Clevon Brown 130
20%
Points 7 Clyde Lee 1,691
20%
Rebounds 1 Clyde Lee 1,223
20%
Points Per Game 1 Clyde Lee 21.4
20%
Points 8 Drew Maddux 1,689
20%
Assists 9 Drew Maddux 394
20%
Steals T1 Drew Maddux 214
20%
Three Pointers Made 10 Drew Maddux 226
20%
Assists 3 Frank Seckar 455
20%
Steals T1 Frank Seckar 214
20%
Three Pointers Made 5 Frank Seckar 278
20%
Blocks 10 James Siakam 91
20%
Field Goal Percent 6 Jeff Fosnes 51.2%
20%
Assists 8 Jermaine Beal 421
20%
Games T5 Jermaine Beal 132
20%
Games T10 Joe Toye 129
20%
Field Goal Percent 4 Keith Thomas 51.6%
20%
Assists 4 Kevin Anglin 435
20%
Steals 5 Kevin Anglin 192
20%
Games T10 Kevin Anglin 129
20%
Points 5 Ronnie McMahan 1,719
20%
Steals 7 Ronnie McMahan 157
20%
Three Pointers Made 3 Ronnie McMahan 296
20%
Three Pointers Made 9 Sam Howard 238
20%
Three Pointers Made 4 Scott Draud 288
20%
Games 9 Scott Draud 130
20%
Games T5 Alex Gordon 132
0%
Points Per Game 9 Al Rochelle 16.1
0%
Assists 1 Atiba Prater 517
0%
Steals 3 Atiba Prater 212
0%
Rebounds 8 Bill Depp 747
0%
Rebounds 3 Bobby Thym 872
0%
Rebounds 4 Bob Grace 837
0%
Games T10 Charles Mayes 129
0%
Rebounds 5 Charley Harrison 802
0%
Blocks 9 Chris Woods 108
0%
Points Per Game 10 Dan Finch 16.1
0%
Assists T6 Derrick Wilcox 423
0%
Steals 4 James Strong 211
0%
Assists 5 Jan Van Breda Kolff 430
0%
Field Goal Percent 7 Jeff Turner 50.6%
0%
Points Per Game 4 Jim Henry 17.6
0%
Blocks 7 Julian Terrell 116
0%
Points 3 Matt Freije 1,891
0%
Points 6 Mike Rhodes 1,699
0%
Points Per Game 8 Mike Rhodes 16.5
0%
Rebounds 2 Perry Wallace 894
0%
Points 4 Phil Cox 1,724
0%
Games T2 Rod Odom 134
0%
Steals 6 Russell Lakey 169
0%
Field Goal Percent 10 Terry Compton 49.5%
0%
Points Per Game 7 Terry Compton 16.6
0%
Field Goal Percent 8 Tom Hagan 50.4%
0%
Points Per Game 3 Tom Hagan 19.9
0%
No matching quizzes found
Score Distribution
Percent of People with Each Score
Percentile by Number Answered
Your Score History
You have not taken this quiz since the last reset